Normal view
MARC view
- Web 2.0
Entry Materia
001 - NÚMERO DE CONTROL DEL REGISTRO
- campo de control: 48575
003 - IDENTIFICADOR DE NUMERO DE CONTROL
- campo de control: UPN
005 - FECHA Y HORA DE LA ÚLTIMA TRANSACCIÓN
- campo de control: 20230327092912.0
008 - DATOS DE LONGITUD FIJA
- campo de control de longitud fija: 230327nn anznnbabn | a|a d
040 ## - FUENTE DE LA CATALOGACIÓN
- Centro catalogador de origen: MX-MxUPN
- Lengua de catalogación: spa
046 ## - FECHAS CON CODIFICACIÓN ESPECIAL
- Fecha final para contenidos agregados: 2023
053 ## - NÚMERO CLASIFICADOR - BIBLIOTECA DEL CONGRESO (LC)
- Elemento numérico de la clasificación - Número único o no. inicial del rango: TK5105.88817
150 ## - ENCABEZAMIENTO - TEMÁTICO
- Término de materia o nombre geográfico como elemento inicial: Web 2.0
550 ## - VÉASE ADEMÁS - MATERIA
- Encabezamiento temático o nombre geográfico como elemento de entrada: World Wide Web (Sistema de recuperación de información)
- Subcampo de control: g
670 ## - FUENTE EN LA QUE SE LOCALIZARON DATOS
- Cita de la fuente: (World Wide Web)
902 ## - CATALOGADOR
- Catalogador: VíctorGodínez/270323
